Statistics for Medal Table Summer Olympics - Judo

Click here to take the quiz!

General Stats

  • This quiz has been taken 56 times
  • The average score is 41 of 57

Answer Stats

GoldSilverBronzeTotalCountries% Correct
16132857France
100%
48212796Japan
100%
24814United States
98%
54716Russia
94%
0033Russian Olympic Committee
94%
831122China
92%
11171946South Korea
92%
3126Spain
92%
431724Brazil
90%
44917Italy
90%
0112United Team of Germany
90%
0022Australia
88%
081220Great Britain
88%
0257Canada
85%
331521Germany
85%
45312Georgia
81%
0033Portugal
81%
211013Belgium
79%
0224Kazakhstan
79%
421824Netherlands
79%
551323Soviet Union
77%
1012Argentina
75%
6151637Cuba
75%
2248North Korea
75%
3328Poland
75%
1236Romania
75%
0134Ukraine
75%
14611Mongolia
73%
1012Turkey
73%
0123Bulgaria
71%
0156Israel
71%
2002Czech Republic
69%
0112Egypt
69%
0257Uzbekistan
69%
1225Azerbaijan
67%
2136Slovenia
67%
1124Switzerland
67%
2327Austria
65%
1012Belarus
65%
13610Hungary
65%
0011Tajikistan
65%
1012Greece
63%
0101Chinese Taipei
60%
1269East Germany
60%
0033Estonia
60%
3003Kosovo
60%
0101Slovakia
60%
0022Yugoslavia
60%
0011Kyrgyzstan
58%
0011Czechoslovakia
56%
1438West Germany
56%
0112Algeria
54%
0011Latvia
54%
0112Colombia
52%
0011United Arab Emirates
48%
2024Unified Team
42%
0011Iceland
38%

Score Distribution

Percentile by Number Answered

Percent of People with Each Score

Your Score History

You have not taken this quiz